Every Formula One Podium Finisher - Statistics

General Stats
  • This quiz has been taken 39 times
    31 since last reset
  • The average score is 106 of 216
Answer Stats
# Nat. 1st Podium Last Podium Answer % Correct
18 ESP 2019 Brazilian GP 2023 United States GP Carlos Sainz, Jr.
95%
30 MCO 2019 Bahrain GP 2023 Abu Dhabi GP Charles Leclerc
95%
197 GBR 2007 Australian GP 2023 Mexico City GP Lewis Hamilton
95%
122 DEU 2008 Italian GP 2021 Azerbaijan GP Sebastian Vettel
95%
106 FRA 1981 Argentine GP 1993 Australian GP Alain Prost
91%
80 BRA 1984 Monaco GP 1993 Australian GP Ayrton Senna
91%
27 NZL 1959 British GP 1970 Spanish GP Bruce McLaren
91%
32 AUS 2014 Spanish GP 2021 Italian GP Daniel Ricciardo
91%
62 GBR 1994 Portuguese GP 2008 Canadian GP David Coulthard
91%
35 BRA 1970 United States GP 1980 United States GP West Emerson Fittipaldi
91%
41 BRA 2006 United States GP 2015 Italian GP Felipe Massa
91%
106 ESP 2003 Malaysian GP 2023São Paulo GP Fernando Alonso
91%
20 ITA 1950 British GP 1955 Belgian GP Giuseppe Farina
91%
43 GBR 1965 Monaco GP 1973 Austrian GP Jackie Stewart
91%
25 BEL 1968 French GP 1975 Spanish GP Jacky Ickx
91%
8 DEU 1975 Brazilian GP 1977 Canadian GP Jochen Mass
91%
2 NED 1994 Hungarian GP 1994 Belgian GP Jos Verstappen
91%
35 ARG 1950 Monaco GP 1957 Italian GP Juan Manuel Fangio
91%
30 COL 2001 Spanish GP 2006 Monaco GP Juan Pablo Montoya
91%
17 FIN 1980 Argentine GP 1986 Monaco GP Keke Rosberg
91%
103 FIN 2002 Australian GP 2018 Brazilian GP Kimi Räikkönen
91%
42 AUS 2005 Monaco GP 2013 Brazilian GP Mark Webber
91%
97 NED 2016 Spanish GP 2023 Abu Dhabi GP Max Verstappen
91%
155 DEU 1992 Mexican GP 2012 European GP Michael Schumacher
91%
51 FIN 1993 Japanese GP 2001 United States GP Mika Häkkinen
91%
60 BRA 1980 Argentine GP 1991 Belgian GP Nelson Piquet
91%
1 BRA 2008 German GP Nelson Piquet, Jr
91%
57 DEU 2008 Australian GP 2016 Abu Dhabi GP Nico Rosberg
91%
59 GBR 1981 Belgian GP 1994 Australian GP Nigel Mansell
91%
54 AUT 1974 Argentine GP 1985 Dutch GP Niki Lauda
91%
27 DEU 1997 Argentine GP 2006 Australian GP Ralf Schumacher
91%
35 MEX 2012 Malaysian GP 2023 Las Vegas GP Sergio Pérez
91%
67 FIN 2014 Austrian GP 2021 Saudi Arabian GP Valtteri Bottas
91%
24 AUS 1977 Austrian GP 1981 Caesars Palace GP Alan Jones
86%
45 ARG 1973 French GP 1982 South African GP Carlos Reutemann
86%
42 GBR 1993 Brazilian GP 1998 Belgian GP Damon Hill
86%
33 NZL 1966 French GP 1974 Austrian GP Denny Hulme
86%
3 FRA 2020 Sakhir GP 2023 Monaco GP Esteban Ocon
86%
11 GBR 2021 Belgian GP 2023 Abu Dhabi GP George Russell
86%
19 ITA 1997 Canadian GP 2009 Belgian GP Giancarlo Fisichella
86%
13 CAN 1978 Canadian GP 1981 Canadian GP Gilles Villeneuve
86%
36 GBR 1962 Dutch GP 1969 Monaco GP Graham Hill
86%
23 CAN 1996 Australian GP 2001 German GP Jacques Villeneuve
86%
32 FRA 1990 United States GP 1997 Luxembourg GP Jean Alesi
86%
50 GBR 2004 Malaysian GP 2014 Australian GP Jenson Button
86%
12 GBR 2020 Austrian GP 2023 São Paulo GP Lando Norris
86%
19 USA 1970 Spanish GP 1982 Italian GP Mario Andretti
86%
2 AUS 2023 Japanese GP 2023 Qatar Grand Prix Oscar Piastri
86%
16 USA 1958 Italian GP 1962 Belgian GP Phil Hill
86%
26 SWE 1971 Monaco GP 1978 Dutch GP Ronnie Peterson
86%
68 BRA 1993 Pacific GP 2009 Italian GP Rubens Barrichello
86%
24 GBR 1954 Belgian GP 1961 German GP Stirling Moss
86%
17 ITA 1950 Monaco GP 1953 Swiss GP Alberto Ascari
82%
28 CHE 1970 Austrian GP 1979 Canadian GP Clay Regazzoni
82%
4 FIN 2007 Japanese GP 2008 Italian GP Heikki Kovalainen
82%
18 DEU 1995 Italian GP 2003 Japanese GP Heinz-Harald Frentzen
82%
31 AUS 1959 Monaco GP 1970 British GP Jack Brabham
82%
23 GBR 1973 Dutch GP 1978 French GP James Hunt
82%
11 ITA 1999 European GP 2009 Japanese GP Jarno Trulli
82%
32 GBR 1960 Portuguese GP 1968 South African GP Jim Clark
82%
24 GBR 1960 British GP 1969 United States GP John Surtees
82%
3 CAN 2017 Azerbaijan GP 2020 Sakhir GP Lance Stroll
82%
1 USA 1993 Italian GP Michael Andretti
82%
13 DEU 2001 Brazilian GP 2011 Malaysian GP Nick Heidfeld
82%
1 VEN 2012 Spanish GP Pastor Maldonado
82%
4 FRA 2019 Brazilian GP 2023 Dutch GP Pierre Gasly
82%
22 FRA 1979 French GP 1984 Dallas GP René Arnoux
82%
37 ITA 1978 Swedish GP 1993 Hungarian GP Riccardo Patrese
82%
12 POL 2006 Italian GP 2010 Belgian GP Robert Kubica
82%
3 RUS 2015 Hungarian GP 2019 German GP Daniil Kvyat
77%
26 GBR 1995 Canadian GP 2002 Italian GP Eddie Irvine
77%
48 AUT 1986 San Marino GP 1997 German GP Gerhard Berger
77%
33 RSA 1974 Belgian GP 1979 Italian GP Jody Scheckter
77%
23 ITA 1982 Caesars Palace GP 1989 Mexican GP Michele Alboreto
77%
2 THA 2020 Tuscan GP 2020 Bahrain GP Alexander Albon
73%
1 JPN 2012 Japanese GP Kamui Kobayashi
73%
1 DEN 2014 Australian GP Kevin Magnussen
73%
18 GBR 1952 British GP 1958 Moroccan GP Mike Hawthorn
73%
1 RUS 2011 Australian GP Vitaly Petrov
73%
13 DEU 1966 Belgian GP 1970 German GP Jochen Rindt
68%
2 FIN 1999 German GP 1999 Italian GP Mika Salo
68%
5 FRA 1994 German GP 1997 Spanish GP Olivier Panis
68%
10 FRA 2012 Bahrain GP 2015 Belgian GP Romain Grosjean
68%
15 BEL 1985 San Marino GP 1990 British GP Thierry Boutsen
68%
13 FRA 1979 Belgian GP 1982 French GP Didier Pironi
64%
32 FRA 1975 German GP 1986 Detroit GP Jacques Laffite
64%
15 ARG 1951 French GP 1955 Argentine GP José Froilán González
64%
7 MEX 1967 South African GP 1971 Dutch GP Pedro Rodríguez
64%
3 DEU 2008 Hungarian GP 2009 Singapore GP Timo Glock
64%
6 DEU 1957 Italian GP 1961 German GP Wolfgang von Trips
64%
9 ITA 1988 British GP 1990 Spanish GP Alessandro Nannini
59%
3 AUT 1997 British GP 2007 Canadian GP Alexander Wurz
59%
19 USA 1959 German GP 1967 Canadian GP Dan Gurney
59%
9 ITA 1980 Brazilian GP 1985 San Marino GP Elio de Angelis
59%
1 ESP 2006 Hungarian GP Pedro de la Rosa
59%
7 GBR 1995 British GP 1999 European GP Johnny Herbert
55%
20 GBR 1976 French GP 1983 Dutch GP John Watson
55%
6 BRA 1973 Austrian GP 1977 Argentine GP José Carlos Pace
55%
13 FRA 1971 French GP 1973 German GP François Cevert
50%
6 ITA 1950 British GP 1951 French GP Luigi Fagioli
50%
9 GBR 1992 Italian GP 1995 Belgian GP Martin Brundle
50%
12 SWE 1985 San Marino GP 1989 Portuguese GP Stefan Johansson
50%
1 JPN 2004 United States GP Takuma Sato
50%
5 ITA 1982 Monaco GP 1989 Canadian GP Andrea de Cesaris
45%
4 SWE 1976 Spanish GP 1977 British GP Gunnar Nilsson
45%
2 FRA 1979 French GP 1980 Austrian GP Jean-Pierre Jabouille
45%
1 FIN 1991 San Marino GP JJ Lehto
45%
6 CHE 1964 United States GP 1971 Austrian GP Jo Siffert
45%
1 MCO 1950 Monaco GP Louis Chiron
45%
10 FRA 1954 Belgian GP 1959 United States GP Maurice Trintignant
45%
19 FRA 1974 Swedish GP 1979 Spanish GP Patrick Depailler
45%
11 FRA 1982 British GP 1984 French GP Patrick Tambay
45%
9 GBR 1956 Monaco GP 1958 British GP Peter Collins
45%
8 USA 1972 South African GP 1973 Canadian GP Peter Revson
45%
14 USA 1960 Italian GP 1965 Mexican GP Richie Ginther
45%
1 PRT 2005 United States GP Tiago Monteiro
45%
10 GBR 1957 Monaco GP 1961 United States GP Tony Brooks
45%
1 SWE 1959 Dutch GP Jo Bonnier
41%
8 ITA 1962 Monaco GP 1966 Belgian GP Lorenzo Bandini
41%
7 ITA 1954 Spanish GP 1958 Monaco GP Luigi Musso
41%
2 USA 1953 Indianapolis 500 1954 Indianapolis 500 Bill Vukovich
36%
11 NZL 1967 Monaco GP 1972 French GP Chris Amon
36%
9 USA 1982 Belgian GP 1989 United States GP Eddie Cheever
36%
9 FRA 1952 Swiss GP 1958 Dutch GP Jean Behra
36%
8 FRA 1968 Dutch GP 1974 South African GP Jean-Pierre Beltoise
36%
1 GBR 1971 Italian GP Peter Gethin
36%
5 ITA 1951 Swiss GP 1955 Italian GP Piero Taruffi
36%
1 ITA 1975 Austrian GP Vittorio Brambilla
36%
1 JPN 1990 Japanese GP Aguri Suzuki
32%
4 GBR 1984 San Marino GP 1984 German GP Derek Warwick
32%
3 ITA 1955 Monaco GP 1956 French GP Eugento Castellotti
32%
1 ITA 1961 French GP Giancarlo Baghetti
32%
4 GBR 1960 British GP 1961 United States GP Innes Ireland
32%
3 GBR 1993 South African GP 1994 Spanish GP Mark Blundell
32%
1 ITA 1995 Australian GP Gianni Morbidelli
27%
3 ITA 1988 Belgian GP 1990 French GP Ivan Capelli
27%
3 FRA 1974 Monaco GP 1979 British GP Jean-Pierre Jarier
27%
1 RHO 1967 South African GP John Love
27%
1 USA 1971 Canadian GP Mark Donohue
27%
1 BRA 1990 Japanese GP Roberto Moreno
27%
2 GBR 1975 Austrian GP 1976 Brazilian GP Tom Pryce
27%
1 FRA 1970 Monaco GP Henri Pescarolo
23%
4 USA 1952 Indianapolis 500 1960 Indianapolis 500 Jim Rathmann
23%
1 ITA 1966 Italian GP Ludovico Scarfiotti
23%
8 ITA 1951 Belgian GP 1953 Italian GP Luigi Villoresi
23%
2 GBR 1972 Italian GP 1974 South African GP Mike Hailwood
23%
1 ITA 1994 San Marino GP Nicola Larini
23%
1 GBR 1968 Monaco GP Richard Attwood
23%
2 ITA 1984 Detroit GP 1987 Austrian GP Teo Fabi
23%
1 AUS 1971 Austrian GP Tim Schenken
23%
1 ESP 1956 British GP Alfonso de Portago
18%
1 ITA 1981 Caesars Palace GP Bruno Giacomelli
18%
1 ARG 1957 Argentine GP Carlos Menditéguy
18%
1 DEU 1954 Swiss GP Hans Herrmann
18%
2 DEU 1977 German GP 1977 Austrian GP Hans-Joachim Stuck
18%
2 DEU 1954 French GP 1955 British GP Karl Kling
18%
1 FRA 1985 Australian GP Philippe Streiff
18%
2 GBR 1969 Monaco GP 1969 United States GP Piers Courage
18%
1 DEU 1970 Austrian GP Rolf Stommelen
18%
2 CHE 1952 Swiss GP 1952 German GP Rudi Fischer
18%
2 ITA 1989 Monaco GP 1991 Canadian GP Stefano Modena
18%
1 USA 1952 Indianapolis 500 Troy Ruttman
18%
1 USA 1955 Indianapolis 500 Bob Sweikert
14%
1 GBR 1960 Argentine GP Cliff Allison
14%
1 FRA 1994 German GP Éric Bernard
14%
1 USA 1973 Spanish GP George Follmer
14%
2 USA 1957 Pescara GP 1958 Dutch GP Harry Schell
14%
2 GBR 1968 Mexican GP 1973 Canadian GP Jackie Oliver
14%
1 USA 1950 Indianapolis 500 Johnnie Parsons
14%
1 BEL 1968 Monaco GP Lucien Bianchi
14%
3 USA 1957 Monaco GP 1959 Portuguese GP Masten Gregory
14%
2 GBR 1966 French GP 1966 Italian GP Mike Parkes
14%
1 GBR 1950 British GP Reg Parnell
14%
2 USA 1959 Indianapolis 500 1960 Indianapolis 500 Rodger Ward
14%
4 USA 1952 Indianapolis 500 1957 Indianapolis 500 Sam Hanks
14%
3 RSA 1962 French GP 1963 French GP Tony Maggs
14%
1 USA 1950 Indianapolis 500 Bill Holland
9%
1 GBR 1968 Spanish GP Brian Redman
9%
2 ITA 1955 Monaco GP 1956 Belgian GP Cesare Perdisa
9%
1 ITA 1950 Italian GP Dorino Serafini
9%
2 ITA 1951 Italian GP 1953 Dutch GP Felice Bonetto
9%
2 USA 1951 Indianapolis 500 1954 Indianapolis 500 Jack McGrath
9%
1 FRA 1968 Italian GP Johnny Servoz-Gavin
9%
2 FRA 1950 Swiss GP 1950 Belgian GP Louis Rosier
9%
1 BRA 1989 Brazilian GP Maurício Gugelmin
9%
1 GBR 1965 Mexican GP Mike Spence
9%
2 BEL 1960 Belgian GP 1960 French GP Olivier Gendebien
9%
2 ARG 1953 Belgian GP 1954 British GP Onofre Marimón
9%
1 USA 1956 Indianapolis 500 Pat Flaherty
9%
1 BEL 1956 Belgian GP Paul Frère
9%
2 GBR 1964 Monaco GP 1964 Belgian GP Peter Arundell
9%
1 GBR 1950 French GP Peter Whitehead
9%
1 SWE 1970 United States GP Reine Wisell
9%
2 FRA 1952 Belgian GP 1954 French GP Robert Manzon
9%
1 GBR 1956 Italian GP Ron Flockhart
9%
2 GBR 1958 British GP 1958 German GP Roy Salvadori
9%
2 GBR 1958 Belgian GP 1958 Portuguese GP Stuart Lewis-Evans
9%
1 GBR 1962 Dutch GP Trevor Taylor
9%
1 BEL 1960 Italian GP Willy Mairesse
9%
1 USA 1953 Indianapolis 500 Art Cross
5%
1 GBR 1964 Austrian GP Bob Anderson
5%
1 USA 1956 Indianapolis 500 Don Freeland
5%
1 USA 1953 Indianapolis 500 Duane Carter
5%
1 USA 1958 Indianapolis 500 George Amick
5%
3 USA 1954 Indianapolis 500 1958 Indianapolis 500 Jimmy Bryan
5%
1 USA 1958 Indianapolis 500 Johnny Boyd
5%
1 USA 1959 Indianapolis 500 Johnny Thomson
5%
1 USA 1951 Indianapolis 500 Lee Wallard
5%
1 USA 1951 Indianapolis 500 Manuel Ayulo
5%
1 USA 1960 Indianapolis 500 Paul Goldsmith
5%
1 USA 1955 Indianapolis 500 Paul Russo
5%
1 USA 1955 Indianapolis 500 Tony Bettenhausen
5%
2 ITA 1954 Italian GP 1955 Argentine GP Umberto Maglioli
5%
1 USA 1955 Indianapolis 500 Jimmy Davies
0%
1 USA 1950 Indianapolis 500 Mauri Rose
0%
1 USA 1951 Indianapolis 500 Mike Nazaruk
0%
No matching quizzes found
Score Distribution
Percent of People with Each Score
Percentile by Number Answered
Your Score History
You have not taken this quiz since the last reset